00916nam a2200217 a 450000100100000000500170001000800410002702000150006804000250008308200130010810000300012124501240015126000690027530000260034450400340037070000280040404900090043295201170044195201230055899900170068100002442320200930023152.0110127s1978 pr r 000 0 spa d a0847727393 aDO-SdBNPbspacBNPHU ann*bnn*1 aGuevara, Carlos I.95006013aLa madre y el aprendizaje del niño :bla experiencia urbana puertorriqueña /cCarlos I. Guevara y Myrna J. Sesman.. aPuerto Rico :bUniversitaria. Universidad de Puerto Rico,c1978. a149, [1] p. ;c23 cm. aBibliografía : 147-[150] p.1 aSesman, Myrna J.950061 aBNGR 001054708MOaGRbGRcCTd2011-01-27iLF1l0onn* nn*p24423-10r2020-06-25w2020-06-25y4ZPréstamo en sala 001054728MOaGRbGRcCTd2011-01-27iLF1l0onn* nn*p24423-20r2020-06-25te. 2w2020-06-25y4ZPréstamo en sala c23916d23916